00313nam a2200109 a 4500008004100000050001500041100001700056245006900073260003000142300002200172350000900194120416s1966 ||||||||||||||||| || u aTA 190 Pil aPilcher, Roy10aPrinciples of construction management for engineers and managers aLondonbMcGraw-Hillc1966 axii, 382p. : ill. a0.00